Top 100 Biggest Cities in Texas - Statistics

General Stats
  • This quiz has been taken 2,939 times
    491 since last reset
  • The average score is 50 of 100
Answer Stats
# City Population % Correct
3 Dallas 1,304,379
100%
1 Houston 2,301,572
100%
4 Austin 961,855
98%
2 San Antonio 1,434,625
98%
6 El Paso 678,815
97%
5 Fort Worth 918,915
96%
15 Amarillo 200,393
90%
10 Lubbock 257,141
90%
8 Corpus Christi 317,863
88%
7 Arlington 394,266
87%
18 Brownsville 186,738
87%
12 Laredo 255,205
87%
24 Waco 138,486
87%
22 McAllen 142,210
86%
9 Plano 285,494
86%
34 Odessa 114,428
81%
26 Midland 132,524
80%
69 Galveston 53,695
79%
11 Irving 256,684
78%
14 Frisco 200,509
77%
28 Abilene 125,182
76%
38 Tyler 105,995
76%
17 McKinney 195,308
75%
13 Garland 246,018
74%
32 Beaumont 115,282
73%
29 College Station 120,511
72%
31 Round Rock 119,468
71%
40 Wichita Falls 102,316
71%
23 Denton 139,869
70%
19 Killeen 153,095
70%
39 Allen 104,627
67%
37 Sugar Land 111,026
67%
16 Grand Prairie 196,100
65%
21 Mesquite 150,108
65%
43 New Braunfels 90,403
64%
95 Texarkana 36,193
63%
20 Pasadena 151,950
62%
42 San Angelo 99,893
61%
27 Pearland 125,828
59%
33 The Woodlands 114,436
57%
25 Carrollton 133,434
55%
58 San Marcos 67,553
55%
70 Texas City 51,898
54%
30 Richardson 119,469
53%
35 League City 114,392
52%
44 Conroe 89,956
51%
41 Edinburg 100,243
51%
49 Temple 82,073
51%
36 Lewisville 111,822
49%
50 Longview 81,638
49%
68 Port Arthur 56,039
49%
60 Victoria 65,534
49%
71 Grapevine 50,631
44%
47 Bryan 83,980
43%
59 Georgetown 67,176
43%
56 Harlingen 71,829
40%
61 Pflugerville 65,191
40%
67 DeSoto 56,145
39%
53 Flower Mound 75,956
38%
80 Kyle 45,697
38%
46 Mission 85,778
37%
48 Baytown 83,701
36%
54 Missouri City 74,259
36%
51 Pharr 79,715
36%
57 North Richland Hills 69,917
34%
62 Spring 62,559
34%
88 Waxahachie 41,140
34%
52 Cedar Park 77,595
33%
83 Sherman 43,645
33%
64 Euless 61,032
31%
55 Mansfield 72,602
31%
78 Huntsville 45,941
29%
89 Duncanville 40,706
27%
65 Leander 59,202
27%
75 Rockwall 47,251
27%
82 The Colony 44,534
27%
76 Little Elm 46,453
24%
72 Bedford 49,928
23%
74 Burleson 47,641
23%
79 Keller 45,776
23%
63 Rowlett 62,535
23%
66 Wylie 57,526
23%
85 Schertz 42,002
21%
73 Cedar Hill 49,148
20%
99 Midlothian 35,125
20%
91 Weslaco 40,160
20%
87 Friendswood 41,213
19%
77 Haltom City 46,073
19%
86 Lancaster 41,275
19%
84 Coppell 42,983
18%
96 Farmers Branch 35,991
18%
90 Hurst 40,413
17%
97 San Juan 35,294
16%
100 La Porte 35,124
15%
45 Atascocita 88,174
14%
94 Copperas Cove 36,670
13%
92 Rosenburg 38,282
13%
81 Channelview 45,688
10%
93 Mission Bend 36,914
6%
98 Timberwood Park 35,217
3%
No matching quizzes found
Score Distribution
Percent of People with Each Score
Percentile by Number Answered
Your Score History
You have not taken this quiz since the last reset